1401 1935 1075 1720 1295 1816 1685 1010 1145 1146 1767 1543 1756 1139 1749 1082 1294 1358 1301 1648 1968 1855 1613 1185 1146 1947 1700 1063 1107 1008 1193 1005 1108 1858 1441 1005 1969 1061 1724 1341 1579 1784 1777 1734 1049 1740 1834 1731 1108 1352 1093 1959 1216 1645 1267 1811 1274 1125 1441 1936 1602 1735 1421 1378 1054 1079 1086 1210 1058 1243 1842 1173 1648 1167 1158 1580 1778 1196 1780 1728 1304 1982 1845 1694 1048 1230 1992 1006 1703 1729 1276 1622 1623 1252 1392 1237 1787 1087 1412 BCNSPRNW ULIB Ver.6.0+V

เปลี่ยนเป็นภาษาไทย

Change to English
 แสดงรายละเอียดบรรณานุกรม
  กลับหน้าหลัก

Brief Record : Get Marc (ISO 2709) : E-mail record : QR code < ปิดหน้าต่าง
LEADER : 00000nam 2200000uu 4500
001    13399111862
003     ULIB
008    110627s2551||||th 000 0 tha d
020    9789741078257
090    นว.^bณ311ม 2551
100 0  ณัฏฐรัศมิ์
245 00 มายาสิเน่หา/^cณัฏฐรัศมิ์
250    พิมพ์ครั้งที่ 1
260    กรุงเทพฯ :^bทูบีเลิฟ,^c2551
300    436 หน้า
945    ^p350^l0^i023589
995    ทศพร
999 ^a ใช้งานได้ทุกระบบ
รายการนี้ยังไม่มีแท็ก
คุณยังไม่ได้ล็อกอิน คุณสามารถมีกิจกรรมร่วมกับเว็บไซต์ได้ แต่ต้องล็อกอินก่อน ::
  ล็อกอิน

รายการสื่อสารสนเทศ

ลำดับที่ ประเภท เลขเรียก/บาร์โค้ด สถานที่ สถานะ
1. นวนิยาย
นวนิยาย
นว. ณ311ม 2551 ฉ.1 
  Barcode: 023589
ห้องสมุดวิทยาเขตสวรรค์ประชารักษ์
►นวนิยาย
บนชั้น
  ขอยืม

BibComment


ยังไม่เคยถูกคอมเมนท์

คอมเมนท์ทรัพยากรรายการนี้
  คอมเมนท์: มายาสิเน่หา ณัฏฐร..


 Copyright 2026. Bcnsprnw @Library